[Event "3. Copenhagen Open Politiken Cup"]
[Site "Brndby"]
[Date "1981.??.??"]
[Round "1"]
[White "Berg, Klaus"]
[Black "Jansa, Vlastimil"]
[Result "0-1"]
[WhiteElo "2305"]
[BlackElo "2460"]
[PlyCount "130"]
[EventDate "1981.??.??"]
[EventType "swiss"]
[EventRounds "10"]
[EventCountry "DEN"]
[SourceDate "2004.01.01"]

1. e4 c5 2. Nf3 e6 3. Nc3 d6 4. d4 cxd4 5. Nxd4 Nf6 6. g3 Nc6 7. Bg2 Bd7 8. O-O
Be7 9. a4 O-O 10. Nb3 b6 11. Qe2 Rc8 12. h3 Qc7 13. Be3 Ne5 14. Nd2 Rfd8 15.
Rfd1 Bc6 16. a5 bxa5 17. Qa6 d5 18. f4 d4 19. fxe5 Ne8 20. Nb3 dxe3 21. Rxd8
Rxd8 22. Qxa5 Qxa5 23. Nxa5 Ba8 24. Nb3 Bb4 25. Kf1 f6 26. exf6 Nxf6 27. Ke2
Bxc3 28. bxc3 Bxe4 29. Bxe4 Nxe4 30. Rxa7 Nxg3+ 31. Kxe3 Nf5+ 32. Ke4 Rd5 33.
Nd4 Nd6+ 34. Ke3 Rh5 35. Kf4 e5+ 36. Kg4 Rh6 37. Nc6 Rg6+ 38. Kf3 Rf6+ 39. Ke2
h5 40. Re7 e4 41. Ne5 Kf8 42. Rc7 Re6 43. Nc4 Nf5 44. Rc5 g6 45. Re5 Rc6 46.
Nd2 Rxc3 47. Nxe4 Rxh3 48. Ng5 Nd4+ 49. Kf2 Rc3 50. Ra5 h4 51. Ra4 Rxc2+ 52.
Ke3 Nf5+ 53. Kf4 Rf2+ 54. Ke5 Kg7 55. Ra7+ Kh6 56. Ne4 Re2 57. Kf4 h3 58. Kf3
h2 59. Ra1 Rxe4 60. Kxe4 Ng3+ 61. Kf3 h1=Q+ 62. Rxh1+ Nxh1 63. Kg2 Kg5 64. Kxh1
Kf4 65. Kh2 g5 0-1

[Event "3. Copenhagen Open Politiken Cup"]
[Site "Brndby"]
[Date "1981.??.??"]
[Round "1"]
[White "Bjarnason, Saevar"]
[Black "Bednarski, Jacek"]
[Result "1/2-1/2"]
[WhiteElo "2245"]
[BlackElo "2380"]
[PlyCount "42"]
[EventDate "1981.??.??"]
[EventType "swiss"]
[EventRounds "10"]
[EventCountry "DEN"]
[SourceDate "2004.01.01"]

1. d4 e6 2. e4 d5 3. Nc3 Nf6 4. Bg5 h6 5. Bxf6 Qxf6 6. exd5 Bb4 7. dxe6 Bxe6 8.
Nf3 O-O 9. Bd3 c5 10. O-O Bxc3 11. bxc3 Nc6 12. Be4 Rfd8 13. Bxc6 bxc6 14. Qe2
Bg4 15. Rfd1 Re8 16. Qd3 Rad8 17. Rab1 Bf5 18. Qd2 Bg4 19. Qd3 Re6 20. Re1 Bxf3
21. Qxf3 cxd4 1/2-1/2

[Event "3. Copenhagen Open Politiken Cup"]
[Site "Brndby"]
[Date "1981.??.??"]
[Round "1"]
[White "Brondum, Eric"]
[Black "Spassov, Liuben"]
[Result "1-0"]
[WhiteElo "2460"]
[BlackElo "2460"]
[PlyCount "125"]
[EventDate "1981.??.??"]
[EventType "swiss"]
[EventRounds "10"]
[EventCountry "DEN"]
[SourceDate "2004.01.01"]

1. d4 Nf6 2. c4 e6 3. Nf3 c5 4. d5 exd5 5. cxd5 d6 6. Nc3 g6 7. e4 Bg7 8. Bg5
O-O 9. Nd2 a6 10. a4 Re8 11. Be2 Nbd7 12. O-O h6 13. Bh4 g5 14. Bg3 Ne5 15. Qc2
Qe7 16. Rfe1 Rb8 17. Nf1 Bd7 18. a5 Ng6 19. Ne3 Nf4 20. f3 N6h5 21. Bf2 Nf6 22.
Bf1 g4 23. Nf5 Bxf5 24. exf5 Qd7 25. Rxe8+ Rxe8 26. Ra4 N4xd5 27. Nxd5 Nxd5 28.
Rxg4 Re5 29. Bd3 Kh8 30. Qd2 Qe7 31. f4 Re3 32. Bxe3 Nxe3 33. Rxg7 Kxg7 34. f6+
Qxf6 35. Qxe3 Qxb2 36. f5 Qa1+ 37. Kf2 Qxa5 38. Qg3+ Kh8 39. Qf4 Qa2+ 40. Be2
Qd5 41. Qxh6+ Kg8 42. f6 Qd4+ 43. Kg3 Qe5+ 44. Kf2 Qd4+ 45. Kg3 Qe5+ 46. Kh3
Qf5+ 47. Bg4 Qh7 48. Qxh7+ Kxh7 49. Bf5+ Kg8 50. Bc8 c4 51. Bxb7 a5 52. Bc6 Kh7
53. Kg4 Kg6 54. Kf4 Kxf6 55. Ke4 c3 56. Ba4 Ke6 57. Bb3+ Kf6 58. Kd4 Kg5 59.
Kxc3 f5 60. Bd5 Kf4 61. Kb3 Ke5 62. Bf3 d5 63. Ka4 1-0

[Event "3. Copenhagen Open Politiken Cup"]
[Site "Brndby"]
[Date "1981.??.??"]
[Round "1"]
[White "Budde, Vladimir"]
[Black "Hoi, Carsten"]
[Result "1/2-1/2"]
[WhiteElo "2285"]
[BlackElo "2425"]
[PlyCount "51"]
[EventDate "1981.??.??"]
[EventType "swiss"]
[EventRounds "10"]
[EventCountry "DEN"]
[SourceDate "2004.01.01"]

1. Nf3 g6 2. d4 Bg7 3. c4 Nf6 4. Nc3 O-O 5. e3 c5 6. Be2 cxd4 7. exd4 d5 8. O-O
dxc4 9. Bxc4 Bg4 10. d5 Nbd7 11. h3 Bxf3 12. Qxf3 Ne5 13. Qe2 Nxc4 14. Qxc4 Qd7
15. Rd1 Ne8 16. Qe2 Nd6 17. Bf4 Rac8 18. Be5 Bxe5 19. Qxe5 Rc7 20. Rd4 Rfc8 21.
Re1 b5 22. g4 a5 23. a3 Nc4 24. Qf4 Nd6 25. Qg5 f6 26. Qf4 1/2-1/2

[Event "3. Copenhagen Open Politiken Cup"]
[Site "Brndby"]
[Date "1981.??.??"]
[Round "1"]
[White "Carlsson, Gerner"]
[Black "Bjerring, Kai"]
[Result "1/2-1/2"]
[WhiteElo "2205"]
[BlackElo "2325"]
[PlyCount "76"]
[EventDate "1981.??.??"]
[EventType "swiss"]
[EventRounds "10"]
[EventCountry "DEN"]
[SourceDate "2004.01.01"]

1. d4 c5 2. d5 Nf6 3. c4 d6 4. Nc3 e5 5. e4 Be7 6. Nf3 Nbd7 7. Be2 a6 8. O-O
Nf8 9. a3 Ng6 10. b4 b6 11. Rb1 O-O 12. Qc2 Ne8 13. bxc5 bxc5 14. Bd2 Bg4 15.
Rb7 Nf4 16. Bxf4 exf4 17. Rfb1 Bf6 18. Na4 Qa5 19. Nb6 Rd8 20. h3 Bxf3 21. Bxf3
Kh8 22. Nd7 Rg8 23. Bh5 g6 24. Nxf6 Nxf6 25. Qb2 Kg7 26. Bg4 Rgf8 27. e5 dxe5
28. Qxe5 Rde8 29. Qa1 Re4 30. Rd1 Rxc4 31. d6 h5 32. Bf3 Qc3 33. Qxc3 Rxc3 34.
a4 Rc4 35. d7 Rd8 36. Bc6 Kf8 37. Rb2 Ng8 38. Rb6 Ne7 1/2-1/2

[Event "3. Copenhagen Open Politiken Cup"]
[Site "Brndby"]
[Date "1981.??.??"]
[Round "1"]
[White "Carlsson, Mats"]
[Black "Poulsen, Allan"]
[Result "1-0"]
[WhiteElo "2255"]
[BlackElo "2400"]
[PlyCount "85"]
[EventDate "1981.??.??"]
[EventType "swiss"]
[EventRounds "10"]
[EventCountry "DEN"]
[SourceDate "2004.01.01"]

1. d4 Nf6 2. c4 g6 3. Nc3 Bg7 4. e4 O-O 5. Be2 d6 6. Nf3 e5 7. Be3 Qe7 8. d5 a5
9. Nd2 Nbd7 10. a3 Ne8 11. O-O f5 12. f3 f4 13. Bf2 h5 14. b4 axb4 15. axb4
Rxa1 16. Qxa1 g5 17. c5 Bh6 18. c6 bxc6 19. dxc6 Ndf6 20. Nd5 Nxd5 21. exd5 Bf5
22. Ne4 g4 23. Qb1 Kh8 24. fxg4 hxg4 25. Bd3 Qh7 26. Bh4 Qg6 27. b5 g3 28. Qe1
gxh2+ 29. Kxh2 Rg8 30. Qe2 Rg7 31. Ra1 Rh7 32. Kg1 Bf8 33. Bf2 Rh3 34. Ra8 f3
35. Qf1 Kg7 36. Rxe8 Qxe8 37. gxh3 Qg6+ 38. Kh1 Bxe4 39. Bxe4 Qxe4 40. Qg1+ Kf7
41. Qg4 Qxd5 42. Qf5+ Ke8 43. Qd7# 1-0

[Event "3. Copenhagen Open Politiken Cup"]
[Site "Brndby"]
[Date "1981.??.??"]
[Round "1"]
[White "Ernst, Thomas"]
[Black "Petursson, Margeir"]
[Result "0-1"]
[WhiteElo "2295"]
[BlackElo "2445"]
[PlyCount "70"]
[EventDate "1981.??.??"]
[EventType "swiss"]
[EventRounds "10"]
[EventCountry "DEN"]
[SourceDate "2004.01.01"]

1. e4 c5 2. Nf3 d6 3. d4 cxd4 4. Nxd4 Nf6 5. Nc3 g6 6. Be3 Bg7 7. f3 Nc6 8. Qd2
O-O 9. O-O-O d5 10. exd5 Nxd5 11. Nxc6 bxc6 12. Bd4 e5 13. Bc5 Re8 14. Bc4 Qh4
15. Bxd5 cxd5 16. Nxd5 Qc4 17. Ne7+ Kh8 18. Qd5 Qf4+ 19. Kb1 Be6 20. Qc6 Qh4
21. Nd5 Rec8 22. Nc7 Rab8 23. b3 Qc4 24. Rd6 Bf5 25. Rc1 Qc3 26. Bxa7 Rxb3+ 27.
axb3 Qxb3+ 28. Ka1 e4+ 29. Rd4 Qa3+ 30. Kb1 Qxa7 31. Ra4 Qb8+ 32. Qb5 Qxc7 33.
Ka2 Rb8 34. Qa5 Be6+ 35. c4 Qb7 0-1

[Event "3. Copenhagen Open Politiken Cup"]
[Site "Brndby"]
[Date "1981.??.??"]
[Round "1"]
[White "Farias, Sergio"]
[Black "Taulbut, Shaun M"]
[Result "0-1"]
[WhiteElo "2240"]
[BlackElo "2380"]
[PlyCount "72"]
[EventDate "1981.??.??"]
[EventType "swiss"]
[EventRounds "10"]
[EventCountry "DEN"]
[SourceDate "2004.01.01"]

1. d4 Nf6 2. Nf3 g6 3. Bf4 Bg7 4. e3 c5 5. c3 b6 6. Nbd2 Bb7 7. h3 O-O 8. Be2
d6 9. O-O Nbd7 10. a4 Qc7 11. Bh2 a6 12. b4 Nd5 13. Qb3 cxb4 14. cxb4 Qc3 15.
Qxc3 Nxc3 16. Bd3 e5 17. Rfc1 Rfc8 18. Bc4 Bxf3 19. Rxc3 Bb7 20. Rac1 exd4 21.
exd4 Bxd4 22. Rd3 Be5 23. f4 Bg7 24. Rxd6 Nf6 25. Re1 Rd8 26. Rxd8+ Rxd8 27.
Re7 Bd5 28. Bxd5 Nxd5 29. Rb7 Bc3 30. Ne4 Bxb4 31. f5 gxf5 32. Ng5 Be7 33. Nf3
Bc5+ 34. Kf1 f4 35. Ke2 Nc3+ 36. Kf1 Be3 0-1

[Event "3. Copenhagen Open Politiken Cup"]
[Site "Brndby"]
[Date "1981.??.??"]
[Round "1"]
[White "From, Sigfred"]
[Black "Sahl, Bjarke"]
[Result "0-1"]
[WhiteElo "2225"]
[BlackElo "2345"]
[PlyCount "48"]
[EventDate "1981.??.??"]
[EventType "swiss"]
[EventRounds "10"]
[EventCountry "DEN"]
[SourceDate "2004.01.01"]

1. d4 d5 2. Nf3 Nf6 3. c4 c6 4. Nc3 dxc4 5. e4 b5 6. e5 Nd5 7. a4 Nc7 8. g3 b4
9. Na2 c5 10. Bxc4 e6 11. Bg5 Qd7 12. dxc5 Bb7 13. Qb3 Qc6 14. O-O-O Nd7 15.
Nd4 Qxc5 16. Rhe1 Bd5 17. Kb1 Bxc4 18. Qf3 Bd5 19. Qg4 Nxe5 20. Qe2 Qc4 21.
Qxc4 Nxc4 22. Nb5 Nxb5 23. Rxd5 Nc7 24. Rd4 Nb6 0-1

[Event "3. Copenhagen Open Politiken Cup"]
[Site "Brndby"]
[Date "1981.??.??"]
[Round "1"]
[White "Fuglsang, Flemming"]
[Black "Kovacs, Laszlo"]
[Result "1/2-1/2"]
[WhiteElo "2200"]
[BlackElo "2315"]
[PlyCount "101"]
[EventDate "1981.??.??"]
[EventType "swiss"]
[EventRounds "10"]
[EventCountry "DEN"]
[SourceDate "2004.01.01"]

1. e4 e5 2. Nf3 Nc6 3. Bb5 a6 4. Bxc6 dxc6 5. O-O Qd6 6. d4 exd4 7. Nxd4 Bd7 8.
Be3 Qg6 9. Nd2 O-O-O 10. Qe2 Nf6 11. f3 h5 12. Nc4 Re8 13. Nb3 h4 14. Qf2 h3
15. g3 Be6 16. Bf4 Bxc4 17. Qa7 Bxb3 18. Qa8+ Kd7 19. Qxb7 Bc5+ 20. Kh1 Bb6 21.
axb3 Ke7 22. Rxa6 Kf8 23. Ra8 Rxa8 24. Qxa8+ Ne8 25. Rd1 Qh5 26. g4 Qh4 27.
Qa3+ Kg8 28. Bg3 Qf6 29. b4 Kh7 30. c4 Bd4 31. Qd3 c5 32. bxc5 Bxb2 33. e5+ Qg6
34. Qb3 Qc6 35. Rd5 Nf6 36. Qd3+ g6 37. exf6 Rc8 38. Be1 Bxf6 39. Bc3 Kg7 40.
g5 Bxc3 41. Qxc3+ Kg8 42. Kg1 Re8 43. Kf2 Qe6 44. Qd2 Qe7 45. Kg3 c6 46. Rd6
Qe5+ 47. Kxh3 Qf5+ 48. Kg2 Qxc5 49. Rd8 Rxd8 50. Qxd8+ Kh7 51. Qd3 1/2-1/2

[Event "3. Copenhagen Open Politiken Cup"]
[Site "Brndby"]
[Date "1981.??.??"]
[Round "1"]
[White "Hartung Nielsen, Jens"]
[Black "Hansson, Dan"]
[Result "0-1"]
[WhiteElo "2220"]
[BlackElo "2330"]
[PlyCount "82"]
[EventDate "1981.??.??"]
[EventType "swiss"]
[EventRounds "10"]
[EventCountry "DEN"]
[SourceDate "2004.01.01"]

1. d4 Nf6 2. Nf3 g6 3. c4 Bg7 4. Nc3 d5 5. cxd5 Nxd5 6. e4 Nxc3 7. bxc3 O-O 8.
Be2 c5 9. O-O Bg4 10. Rb1 Qc7 11. Qb3 b6 12. d5 Nd7 13. c4 e5 14. h3 Bxf3 15.
Bxf3 Nf6 16. g3 Ne8 17. Bg2 Nd6 18. Bd2 a6 19. a4 Rfb8 20. Qc2 b5 21. axb5 axb5
22. cxb5 Rxb5 23. f4 Rab8 24. Bc3 Qe7 25. Rfe1 h5 26. Rxb5 Rxb5 27. Qf2 c4 28.
Kh2 exf4 29. Bxg7 fxg3+ 30. Qxg3 Kxg7 31. Qc3+ f6 32. e5 fxe5 33. Rxe5 Qf6 34.
Re7+ Nf7 35. Qxf6+ Kxf6 36. Re6+ Kf5 37. Be4+ Kf4 38. Bxg6 Rb2+ 39. Kg1 Ng5 40.
Rc6 Nf3+ 41. Kf1 Kg3 0-1

[Event "3. Copenhagen Open Politiken Cup"]
[Site "Brndby"]
[Date "1981.??.??"]
[Round "1"]
[White "Jahr, Ulrich"]
[Black "Roos, Louis"]
[Result "1-0"]
[WhiteElo "2230"]
[BlackElo "2375"]
[PlyCount "63"]
[EventDate "1981.??.??"]
[EventType "swiss"]
[EventRounds "10"]
[EventCountry "DEN"]
[SourceDate "2004.01.01"]

1. e4 e6 2. d4 d5 3. Nd2 Nf6 4. e5 Nfd7 5. Bd3 c5 6. c3 Nc6 7. Ne2 Qb6 8. Nf3
cxd4 9. cxd4 f6 10. exf6 Nxf6 11. O-O Bd6 12. Nc3 O-O 13. Be3 a6 14. a3 Qd8 15.
Rc1 Qe8 16. Bb1 Kh8 17. Re1 Qh5 18. h3 Bd7 19. Rc2 Rae8 20. Bc1 e5 21. dxe5
Nxe5 22. Nxe5 Rxe5 23. Rxe5 Qxe5 24. f4 Bc5+ 25. Kh1 Qd6 26. b4 Ba7 27. Re2 Nh5
28. Qd3 Bf5 29. Qf3 Bxb1 30. Qxh5 Bd3 31. Re8 d4 32. Qf7 1-0

[Event "3. Copenhagen Open Politiken Cup"]
[Site "Brndby"]
[Date "1981.??.??"]
[Round "1"]
[White "Jensen, Allan Astrup"]
[Black "Moe, Mogens"]
[Result "1/2-1/2"]
[WhiteElo "2225"]
[BlackElo "2350"]
[PlyCount "65"]
[EventDate "1981.??.??"]
[EventType "swiss"]
[EventRounds "10"]
[EventCountry "DEN"]
[SourceDate "2004.01.01"]

1. e4 d5 2. exd5 Nf6 3. c4 c6 4. d4 cxd5 5. Nc3 e6 6. Nf3 Be7 7. cxd5 Nxd5 8.
Bc4 Nb6 9. Bb3 Bf6 10. Ne4 Nc6 11. Nxf6+ gxf6 12. O-O Na5 13. Bc2 Bd7 14. Re1
Bc6 15. Be4 Qd7 16. Bh6 Bxe4 17. Rxe4 Rg8 18. Rc1 Nc6 19. Re1 Rd8 20. Qb3 Qd5
21. Qxd5 Rxd5 22. Be3 Ke7 23. Rc5 Rgd8 24. Rxd5 Rxd5 25. Rc1 Kd7 26. Kf1 Ra5
27. a3 Rb5 28. b4 Na4 29. Nd2 Rd5 30. Ne4 Ke7 31. Nc5 Nxc5 32. dxc5 a6 33. Rb1
1/2-1/2

[Event "3. Copenhagen Open Politiken Cup"]
[Site "Brndby"]
[Date "1981.??.??"]
[Round "1"]
[White "Jensen, Vagn"]
[Black "Mortensen, Erling"]
[Result "0-1"]
[WhiteElo "2235"]
[BlackElo "2375"]
[PlyCount "118"]
[EventDate "1981.??.??"]
[EventType "swiss"]
[EventRounds "10"]
[EventCountry "DEN"]
[SourceDate "2004.01.01"]

1. e4 c5 2. d4 cxd4 3. c3 d5 4. exd5 Nf6 5. Bb5+ Bd7 6. Bc4 dxc3 7. Nxc3 g6 8.
Nf3 Bg7 9. O-O O-O 10. Bg5 Na6 11. Re1 Bg4 12. h3 Bxf3 13. Qxf3 Nc7 14. Rad1
Nce8 15. d6 Nxd6 16. Nd5 Re8 17. Rxe7 Rxe7 18. Bxf6 Bxf6 19. Nxf6+ Kg7 20. Ng4
Rc7 21. Bxf7 Qe7 22. Bd5 h5 23. Ne3 Rf8 24. Qe2 Nf5 25. Nxf5+ Rxf5 26. Be4 Re5
27. f3 Rd7 28. Rxd7 Qxd7 29. Qe3 Rb5 30. Qc3+ Kh7 31. Qf6 Qg7 32. Qxg7+ Kxg7
33. b3 h4 34. Kf2 Kf6 35. f4 Rb4 36. Kf3 b6 37. Ke3 a5 38. Bd5 Rb5 39. Be4 Rc5
40. Kd4 Rc1 41. a4 Re1 42. Kd3 Rb1 43. Kc4 Rb2 44. Bd5 Rc2+ 45. Kd3 Rc1 46. Kd2
Rf1 47. Ke3 g5 48. fxg5+ Kxg5 49. Bf3 Rc1 50. Kd2 Rc5 51. Kd3 Kf4 52. Kd4 Kg3
53. Kd3 Kf2 54. Kd4 Rg5 55. Kc4 Rxg2 56. Bxg2 Kxg2 57. Kb5 Kxh3 58. Kxb6 Kg4
59. Kxa5 h3 0-1

[Event "3. Copenhagen Open Politiken Cup"]
[Site "Brndby"]
[Date "1981.??.??"]
[Round "1"]
[White "Krahenbuhl, Gerhard"]
[Black "Akesson, Ralf"]
[Result "1-0"]
[WhiteElo "2305"]
[BlackElo "2305"]
[PlyCount "75"]
[EventDate "1981.??.??"]
[EventType "swiss"]
[EventRounds "10"]
[EventCountry "DEN"]
[SourceDate "2004.01.01"]

1. c4 f5 2. g3 Nf6 3. d4 g6 4. Bg2 Bg7 5. Nc3 O-O 6. Nh3 d6 7. d5 Na6 8. O-O
Nc5 9. Nf4 e5 10. dxe6 c6 11. Rb1 Nxe6 12. b3 Nxf4 13. Bxf4 Nh5 14. Bd2 f4 15.
Na4 Qe7 16. e3 fxg3 17. hxg3 Bf5 18. Rc1 Bd3 19. Re1 Qf6 20. f3 Be4 21. Bc3 Qg5
22. g4 Qh4 23. gxh5 Bxf3 24. Qd2 Bxg2 25. Qxg2 Rf5 26. Bxg7 Rg5 27. h6 Rxg2+
28. Kxg2 g5 29. Nc3 Re8 30. Rf1 Qg4+ 31. Kf2 Re7 32. Ke1 Rxe3+ 33. Kd2 Re8 34.
Rf2 Qe6 35. Rcf1 Qe3+ 36. Kc2 Qe7 37. Re2 Qd8 38. Ne4 1-0

[Event "3. Copenhagen Open Politiken Cup"]
[Site "Brndby"]
[Date "1981.??.??"]
[Round "1"]
[White "Kristiansen, Tor"]
[Black "Pokojowczyk, Jerzy"]
[Result "0-1"]
[WhiteElo "2250"]
[BlackElo "2390"]
[PlyCount "64"]
[EventDate "1981.??.??"]
[EventType "swiss"]
[EventRounds "10"]
[EventCountry "DEN"]
[SourceDate "2004.01.01"]

1. c4 Nf6 2. Nc3 g6 3. g3 Bg7 4. Bg2 O-O 5. e4 d6 6. Nge2 c5 7. O-O Nc6 8. d3
Ne8 9. Be3 Nd4 10. Qd2 Nc7 11. Bh6 Nce6 12. Bxg7 Kxg7 13. f4 Nc6 14. f5 Ned4
15. Nd5 f6 16. h4 Nxe2+ 17. Qxe2 Nd4 18. Qd2 gxf5 19. exf5 Bxf5 20. Nf4 Rb8 21.
Nh5+ Kh8 22. Rae1 Rg8 23. Kh2 Bg4 24. Nf4 e5 25. Ne2 Bxe2 26. Rxe2 f5 27. Re3
Qe7 28. Bd5 Rg4 29. Bf3 Rg7 30. Bd5 Rf8 31. Ree1 f4 32. Rg1 fxg3+ 0-1

[Event "3. Copenhagen Open Politiken Cup"]
[Site "Brndby"]
[Date "1981.??.??"]
[Round "1"]
[White "Laird, Craig"]
[Black "Karlsson, Lars"]
[Result "0-1"]
[WhiteElo "2305"]
[BlackElo "2465"]
[PlyCount "94"]
[EventDate "1981.??.??"]
[EventType "swiss"]
[EventRounds "10"]
[EventCountry "DEN"]
[SourceDate "2004.01.01"]

1. e4 c5 2. Nf3 Nc6 3. d4 cxd4 4. Nxd4 g6 5. Nc3 Bg7 6. Be3 Nf6 7. Bc4 O-O 8.
Bb3 a5 9. f3 d5 10. exd5 Nb4 11. Nde2 a4 12. Nxa4 Nfxd5 13. Bf2 Bf5 14. O-O b5
15. Nac3 Nxc3 16. bxc3 Qxd1 17. Raxd1 Nxa2 18. g4 Bc8 19. Ra1 Be6 20. Bxe6 fxe6
21. Bd4 Rfc8 22. Bxg7 Kxg7 23. Rfb1 Nxc3 24. Rxa8 Nxe2+ 25. Kf2 Rxa8 26. Kxe2
Rc8 27. Kd3 Rc5 28. Ra1 b4 29. Ra2 Rc3+ 30. Ke4 Kf6 31. Rb2 Rc4+ 32. Kd3 Rf4
33. Ke3 Ke5 34. Ra2 Rc4 35. h3 Rc3+ 36. Ke2 Kd4 37. Rb2 Kc4 38. h4 h5 39. gxh5
gxh5 40. Ra2 Ra3 41. Rb2 Kc3 42. Rb1 Ra2 43. Kd1 Rxc2 44. Rxb4 Kxb4 45. Kxc2
Kc4 46. Kd2 Kd4 47. Ke2 e5 0-1

[Event "3. Copenhagen Open Politiken Cup"]
[Site "Brndby"]
[Date "1981.??.??"]
[Round "1"]
[White "McCambridge, Vincent"]
[Black "Nielsen, Jrgen"]
[Result "1/2-1/2"]
[WhiteElo "2335"]
[BlackElo "2220"]
[PlyCount "52"]
[EventDate "1981.??.??"]
[EventType "swiss"]
[EventRounds "10"]
[EventCountry "DEN"]
[SourceDate "2004.01.01"]

1. e4 c5 2. Nf3 d6 3. d3 Nc6 4. g3 g6 5. Bg2 Bg7 6. O-O e5 7. Nc3 Nge7 8. Nh4
O-O 9. f4 exf4 10. Bxf4 Be6 11. Qd2 Nd4 12. Rf2 Qd7 13. Raf1 f6 14. Bh6 Rae8
15. Bxg7 Kxg7 16. e5 fxe5 17. Rxf8 Rxf8 18. Rxf8 Kxf8 19. Qh6+ Kg8 20. Ne4 Nef5
21. Nxf5 Nxf5 22. Qg5 Qf7 23. Qd8+ Qf8 24. Qc7 h6 25. Bh3 Kh8 26. Bxf5 gxf5
1/2-1/2

[Event "3. Copenhagen Open Politiken Cup"]
[Site "Brndby"]
[Date "1981.??.??"]
[Round "1"]
[White "Nikolaiczuk, Lothar"]
[Black "Jakobsen, Ole"]
[Result "0-1"]
[WhiteElo "2280"]
[BlackElo "2415"]
[PlyCount "52"]
[EventDate "1981.??.??"]
[EventType "swiss"]
[EventRounds "10"]
[EventCountry "DEN"]
[SourceDate "2004.01.01"]

1. e4 c5 2. Nf3 d6 3. d4 cxd4 4. Qxd4 Nc6 5. Bb5 Bd7 6. Bxc6 Bxc6 7. Nc3 Nf6 8.
Bg5 e6 9. O-O-O Be7 10. Rhe1 O-O 11. Qd2 h6 12. Bh4 Nxe4 13. Rxe4 Bxh4 14. Rg4
h5 15. Rc4 Bxf3 16. gxf3 d5 17. Rd4 Bf6 18. Rd3 Qb8 19. f4 b5 20. Rg1 Rc8 21.
Ne2 h4 22. Kb1 Rc4 23. Re3 Qd6 24. h3 Rac8 25. Rc1 b4 26. Rd3 a5 0-1

[Event "3. Copenhagen Open Politiken Cup"]
[Site "Brndby"]
[Date "1981.??.??"]
[Round "1"]
[White "Nykopp, Jan Michael"]
[Black "Plaskett, Jim"]
[Result "0-1"]
[WhiteElo "2260"]
[BlackElo "2405"]
[PlyCount "109"]
[EventDate "1981.??.??"]
[EventType "swiss"]
[EventRounds "10"]
[EventCountry "DEN"]
[SourceDate "2004.01.01"]

1. e4 c5 2. Nf3 d6 3. d4 Nf6 4. Nc3 cxd4 5. Nxd4 a6 6. Be2 e6 7. O-O Be7 8. Be3
O-O 9. a4 Nc6 10. Nxc6 bxc6 11. a5 c5 12. f3 Rb8 13. Na4 Qxa5 14. b3 Qc7 15.
Nb2 d5 16. exd5 Nxd5 17. Bf2 Bd6 18. g3 Be5 19. Na4 Bxa1 20. Qxa1 Rd8 21. Nxc5
a5 22. c4 Nb4 23. Qc3 e5 24. Ra1 Bf5 25. Bf1 h5 26. Re1 Re8 27. Ne4 Rbd8 28. c5
Bxe4 29. fxe4 Qd7 30. Bc4 Re7 31. Ra1 Qg4 32. Rxa5 Rd1+ 33. Kg2 h4 34. h3 Qxe4+
35. Qf3 Qxf3+ 36. Kxf3 e4+ 37. Ke2 Red7 38. Ke3 R7d4 39. Kf4 Nd3+ 40. Bxd3 e3+
41. Kxe3 R4xd3+ 42. Ke2 R1d2+ 43. Ke1 hxg3 44. Bxg3 Rc2 45. Bd6 Rxh3 46. Kd1
Rg2 47. Ra8+ Kh7 48. Re8 Rxb3 49. Kc1 Rh3 50. Re1 g5 51. Kb1 Rb3+ 52. Ka1 Rg4
53. Ka2 Rb7 54. Ka3 Rc4 55. Re8 0-1

[Event "3. Copenhagen Open Politiken Cup"]
[Site "Brndby"]
[Date "1981.??.??"]
[Round "1"]
[White "Pedersen, Jens Otto"]
[Black "Dobosz, Henryk"]
[Result "1/2-1/2"]
[WhiteElo "2230"]
[BlackElo "2360"]
[PlyCount "66"]
[EventDate "1981.??.??"]
[EventType "swiss"]
[EventRounds "10"]
[EventCountry "DEN"]
[SourceDate "2004.01.01"]

1. Nf3 d5 2. d4 Nf6 3. c4 c6 4. Nc3 e6 5. e3 Nbd7 6. Bd3 dxc4 7. Bxc4 b5 8. Bd3
Bb7 9. O-O a6 10. e4 b4 11. Na4 c5 12. e5 Nd5 13. dxc5 Nxc5 14. Nxc5 Bxc5 15.
Ng5 Qd7 16. Ne4 Be7 17. Qg4 Nc3 18. Bc2 Nxe4 19. Bxe4 Bxe4 20. Qxe4 O-O 21. Be3
Rfd8 22. Rac1 Qd5 23. Qxd5 Rxd5 24. f4 Ra5 25. Rc7 Bf8 26. Ra1 g5 27. g3 Rd8
28. Kf2 Kg7 29. Kf3 Kg6 30. h4 h6 31. h5+ Kg7 32. fxg5 hxg5 33. Bxg5 Rd3+
1/2-1/2

[Event "3. Copenhagen Open Politiken Cup"]
[Site "Brndby"]
[Date "1981.??.??"]
[Round "1"]
[White "Reinert, Mads"]
[Black "Hansen, Curt"]
[Result "1/2-1/2"]
[WhiteElo "2215"]
[BlackElo "2330"]
[PlyCount "75"]
[EventDate "1981.??.??"]
[EventType "swiss"]
[EventRounds "10"]
[EventCountry "DEN"]
[SourceDate "2004.01.01"]

1. e4 c6 2. d4 d5 3. Nd2 dxe4 4. Nxe4 Nd7 5. Bc4 Ngf6 6. Ng5 e6 7. Qe2 Nb6 8.
Bd3 h6 9. N5f3 c5 10. dxc5 Bxc5 11. Ne5 Nbd7 12. Ngf3 Nxe5 13. Nxe5 O-O 14. Bd2
Qd5 15. O-O-O Qxa2 16. c3 b5 17. Bxh6 b4 18. Ng4 Qa1+ 19. Bb1 Nxg4 20. Qxg4 g6
21. Qf3 Re8 22. Qf6 Bf8 23. Bxf8 Rxf8 24. Rd3 e5 25. Rg3 e4 26. Re1 Bf5 27.
Qxf5 bxc3 28. Rxg6+ fxg6 29. Qxg6+ Kh8 30. Qh5+ Kg7 31. Qg4+ Kh8 32. Qh3+ Kg8
33. Qg3+ Kf7 34. Qf4+ Kg8 35. Qg5+ Kh8 36. Qe5+ Kg8 37. Qd5+ Kg7 38. Qg5+
1/2-1/2

[Event "3. Copenhagen Open Politiken Cup"]
[Site "Brndby"]
[Date "1981.??.??"]
[Round "1"]
[White "Sjoberg, Mats"]
[Black "Brinck Claussen, Bjorn"]
[Result "0-1"]
[WhiteElo "2230"]
[BlackElo "2375"]
[PlyCount "152"]
[EventDate "1981.??.??"]
[EventType "swiss"]
[EventRounds "10"]
[EventCountry "DEN"]
[SourceDate "2004.01.01"]

1. d4 Nf6 2. c4 g6 3. Nc3 d5 4. Nf3 Bg7 5. cxd5 Nxd5 6. e4 Nxc3 7. bxc3 c5 8.
Be3 Qa5 9. Qd2 O-O 10. Bc4 Nc6 11. Rb1 cxd4 12. cxd4 Qxd2+ 13. Kxd2 Rd8 14. Bd5
Nxd4 15. Nxd4 e6 16. Nb5 exd5 17. Nc7 dxe4+ 18. Kc1 Bf5 19. Nxa8 Rc8+ 20. Kd2
Bc3+ 21. Kc2 Be5+ 22. Kd2 Bc3+ 23. Kc2 Ba5+ 24. Kb3 Rxa8 25. h3 Be6+ 26. Ka3 b6
27. Rhd1 h5 28. Rbc1 b5 29. Rd4 Bd8 30. Rxe4 a5 31. Bd4 Bg5 32. Rd1 Be7+ 33.
Kb2 b4 34. g4 hxg4 35. hxg4 Rd8 36. f3 Bf8 37. Rh1 Bg7 38. Bxg7 Kxg7 39. Rh2
Rd3 40. Rf2 Ra3 41. Kb1 Bd5 42. Rd4 Bxf3 43. g5 Re3 44. Kb2 Be4 45. Rd7 Bf5 46.
Ra7 Re5 47. Kb3 Be6+ 48. Ka4 Rxg5 49. Rxa5 Rg4 50. Kb5 b3 51. axb3 Bxb3 52. Ra3
Be6 53. Kc5 Re4 54. Rff3 g5 55. Rae3 Rc4+ 56. Kd6 Rd4+ 57. Kc5 Rd5+ 58. Kc4 Kg6
59. Rd3 g4 60. Rg3 Re5+ 61. Kc3 Kg5 62. Kd2 Bd5 63. Ra3 Be4 64. Ra7 f5 65. Rga3
Kf4 66. R7a5 Re8 67. Ke2 Rh8 68. Ra1 Rh2+ 69. Kf1 g3 70. R5a4 Kg4 71. Re1 Rh1+
72. Ke2 g2 73. Raa1 Kg3 74. Ke3 Bc6 75. Rg1 f4+ 76. Kd2 Rxg1 0-1

[Event "3. Copenhagen Open Politiken Cup"]
[Site "Brndby"]
[Date "1981.??.??"]
[Round "1"]
[White "Sorensen, Bent"]
[Black "Wedberg, Tom"]
[Result "0-1"]
[WhiteElo "2285"]
[BlackElo "2420"]
[PlyCount "80"]
[EventDate "1981.??.??"]
[EventType "swiss"]
[EventRounds "10"]
[EventCountry "DEN"]
[SourceDate "2004.01.01"]

1. c4 c5 2. g3 g6 3. Bg2 Bg7 4. Nc3 Nc6 5. a3 a5 6. Nf3 e5 7. d3 Nge7 8. Ne4 d6
9. Bg5 h6 10. Bf6 O-O 11. O-O Bxf6 12. Nxf6+ Kg7 13. Ne4 b6 14. Nc3 Be6 15. e3
Ra7 16. Qa4 Qc8 17. Rfd1 Rd7 18. Rac1 Rfd8 19. h3 d5 20. cxd5 Nxd5 21. d4 exd4
22. exd4 c4 23. Nb5 Nde7 24. b3 Nf5 25. bxc4 Nfxd4 26. Nfxd4 Nxd4 27. Kh2 Qc5
28. Nxd4 Rxd4 29. Rxd4 Rxd4 30. Qb5 Rxc4 31. Qxc5 bxc5 32. Rb1 Ra4 33. Rc1 Rc4
34. Rb1 Rc2 35. Rb5 a4 36. Kg1 Rc3 37. Ra5 Rxa3 38. Rxc5 Ra1+ 39. Kh2 a3 40.
Ra5 a2 0-1